Statistics for Football Clubs Managed by Sven-Göran Eriksson

Click here to take the quiz!

General Stats

  • This quiz has been taken 68 times
  • The average score is 5 of 16

Answer Stats

YearsClub% Correct
2001-2006England
88%
2007-2008Manchester City
65%
1997-2001Lazio
56%
1979-1982Göteborg
39%
1984-1987Roma
37%
1992-1997Sampdoria
30%
2010-2011Leicester City
28%
1987-1989Fiorentina
26%
1982-1984Benfica
23%
2010Ivory Coast
19%
1977-1978Degerfors
16%
2008-2009Mexico
16%
2014-2016Shanghai SIPG
16%
2018-2019Philippines
14%
2013-2014Guangzhou R&F
12%
2016-2017Shenzhen
11%

Score Distribution

Percentile by Number Answered

Percent of People with Each Score

Your Score History

You have not taken this quiz